[Event "Campionat de Catalunya 2021 Sub 10-14"]
[Site "Salou"]
[Date "2021.03.29"]
[Round "5.6"]
[White "Uber Gracia, Hugo"]
[Black "Gil Jimenez, Ruben"]
[Result "1-0"]
[WhiteFideId "54720079"]
[BlackFideId "54707250"]
[WhiteElo "1691"]
[BlackElo "1417"]

1. e4 {[%clk 01:30:50]} {[%emt 00:00:09]} d5 {[%clk 01:30:55]} {[%emt
00:00:05]} 2. exd5 {[%clk 01:31:06]} {[%emt 00:00:14]} Qxd5 {[%clk 01:31:19]}
{[%emt 00:00:06]} 3. Nc3 {[%clk 01:31:17]} {[%emt 00:00:18]} Qd6 {[%clk
01:31:39]} {[%emt 00:00:11]} 4. d4 {[%clk 01:31:35]} {[%emt 00:00:12]} c6
{[%clk 01:32:03]} {[%emt 00:00:06]} 5. Nf3 {[%clk 01:31:43]} {[%emt 00:00:21]}
Nf6 {[%clk 01:32:12]} {[%emt 00:00:21]} 6. h3 {[%clk 01:31:46]} {[%emt
00:00:28]} Bf5 {[%clk 01:31:32]} {[%emt 00:01:09]} 7. Bd3 {[%clk 01:27:23]}
{[%emt 00:04:53]} Bg6 {[%clk 01:28:09]} {[%emt 00:03:53]} 8. O-O {[%clk
01:21:27]} {[%emt 00:06:25]} Bh5 {[%clk 01:19:55]} {[%emt 00:08:44]} 9. Ne4
{[%clk 01:11:49]} {[%emt 00:10:08]} Nxe4 {[%clk 01:16:08]} {[%emt 00:04:19]} 10.
Bxe4 {[%clk 01:12:10]} {[%emt 00:00:08]} Nd7 {[%clk 01:16:10]} {[%emt
00:00:28]} 11. c3 {[%clk 01:04:09]} {[%emt 00:08:31]} Nf6 {[%clk 01:11:55]}
{[%emt 00:04:46]} 12. Bd3 {[%clk 01:03:35]} {[%emt 00:01:04]} e6 {[%clk
01:09:51]} {[%emt 00:02:34]} 13. Be2 {[%clk 01:01:15]} {[%emt 00:02:48]} Qc7
{[%clk 01:02:47]} {[%emt 00:07:35]} 14. Ne5 {[%clk 00:57:08]} {[%emt 00:04:37]}
Bxe2 {[%clk 01:02:57]} {[%emt 00:00:20]} 15. Qxe2 {[%clk 00:57:31]} {[%emt
00:00:07]} Bd6 {[%clk 01:02:35]} {[%emt 00:00:52]} 16. f4 {[%clk 00:53:02]}
{[%emt 00:04:59]} O-O-O {[%clk 00:53:59]} {[%emt 00:09:06]} 17. a4 {[%clk
00:48:07]} {[%emt 00:05:25]} c5 {[%clk 00:48:39]} {[%emt 00:05:51]} 18. a5
{[%clk 00:39:50]} {[%emt 00:08:47]} cxd4 {[%clk 00:42:03]} {[%emt 00:07:06]} 19.
cxd4 {[%clk 00:39:46]} {[%emt 00:00:34]} Bxe5 {[%clk 00:39:59]} {[%emt
00:02:34]} 20. fxe5 {[%clk 00:37:58]} {[%emt 00:02:16]} Nd5 {[%clk 00:38:30]}
{[%emt 00:02:00]} 21. Bg5 {[%clk 00:37:45]} {[%emt 00:00:43]} Kb8 {[%clk
00:28:53]} {[%emt 00:10:07]} 22. Bxd8 {[%clk 00:36:58]} {[%emt 00:01:17]} Rxd8
{[%clk 00:28:46]} {[%emt 00:00:37]} 23. a6 {[%clk 00:31:43]} {[%emt 00:05:45]}
b6 {[%clk 00:22:44]} {[%emt 00:06:32]} 24. Rac1 {[%clk 00:30:05]} {[%emt
00:02:07]} Qe7 {[%clk 00:20:14]} {[%emt 00:03:00]} 25. Qh5 {[%clk 00:26:04]}
{[%emt 00:04:32]} f6 {[%clk 00:10:30]} {[%emt 00:10:14]} 26. Qe2 {[%clk
00:20:09]} {[%emt 00:06:25]} f5 {[%clk 00:06:25]} {[%emt 00:04:35]} 27. Rf2
{[%clk 00:16:30]} {[%emt 00:04:09]} Qd7 {[%clk 00:03:32]} {[%emt 00:03:23]} 28.
g4 {[%clk 00:11:20]} {[%emt 00:05:41]} f4 {[%clk 00:03:41]} {[%emt 00:00:21]}
29. Qe4 {[%clk 00:10:37]} {[%emt 00:01:13]} g6 {[%clk 00:03:06]} {[%emt
00:01:06]} 30. Rfc2 {[%clk 00:10:17]} {[%emt 00:00:49]} Qb5 {[%clk 00:01:35]}
{[%emt 00:02:00]} 31. Ra1 {[%clk 00:01:15]} {[%emt 00:09:33]} Qd7 {[%clk
00:01:52]} {[%emt 00:00:13]} 32. Qe2 {[%clk 00:01:13]} {[%emt 00:00:32]} Rf8
{[%clk 00:01:58]} {[%emt 00:00:24]} 33. Rac1 {[%clk 00:01:08]} {[%emt
00:00:35]} Ne7 {[%emt 00:00:22]} 34. Qf2 {[%clk 00:01:17]} {[%emt 00:00:19]}
Qb5 {[%clk 00:02:12]} {[%emt 00:00:27]} 35. Rc7 {[%clk 00:01:17]} {[%emt
00:00:31]} Nd5 {[%clk 00:02:18]} {[%emt 00:00:24]} 36. Rxh7 {[%clk 00:01:29]}
{[%emt 00:00:18]} Qxa6 {[%clk 00:01:35]} {[%emt 00:01:14]} 37. Rg7 {[%clk
00:01:22]} {[%emt 00:00:36]} Ne3 {[%clk 00:00:44]} {[%emt 00:01:21]} 38. Rxg6
{[%clk 00:01:31]} {[%emt 00:00:21]} Qd3 {[%clk 00:00:50]} {[%emt 00:00:24]} 39.
Rxe6 {[%clk 00:01:14]} {[%emt 00:00:46]} Qe4 {[%clk 00:00:45]} {[%emt
00:00:35]} 40. Re1 {[%clk 00:01:07]} {[%emt 00:00:37]} Qd3 {[%clk 00:00:49]}
{[%emt 00:00:26]} 41. Rf6 {[%clk 00:01:11]} {[%emt 00:00:25]} Rxf6 {[%clk
00:00:43]} {[%emt 00:00:37]} 42. exf6 {[%clk 00:01:34]} {[%emt 00:00:08]} Qxd4
{[%clk 00:00:49]} {[%emt 00:00:24]} 43. f7 {[%clk 00:01:33]} {[%emt 00:00:31]}
Qf6 {[%clk 00:00:41]} {[%emt 00:00:38]} 44. Rxe3 {[%clk 00:01:47]} {[%emt
00:00:15]} Qxf7 {[%clk 00:01:03]} {[%emt 00:00:10]} 45. Rf3 {[%clk 00:02:06]}
{[%emt 00:00:10]} Qc4 {[%clk 00:01:14]} {[%emt 00:00:18]} 46. Rxf4 {[%clk
00:02:18]} {[%emt 00:00:19]} Qc1+ {[%emt 00:00:08]} 47. Kh2 {[%clk 00:02:38]}
{[%emt 00:00:07]} a5 {[%clk 00:01:29]} {[%emt 00:00:40]} 48. Rf8+ {[%clk
00:03:00]} {[%emt 00:00:08]} Ka7 {[%clk 00:01:42]} {[%emt 00:00:18]} 49. Qf7+
{[%clk 00:03:16]} {[%emt 00:00:13]} Ka6 {[%clk 00:01:59]} {[%emt 00:00:14]} 50.
Qf1+ {[%clk 00:03:38]} {[%emt 00:00:07]} Kb7 {[%emt 00:00:21]} 51. Qxc1 {[%clk
00:03:57]} {[%emt 00:00:09]} a4 {[%clk 00:01:30]} {[%emt 00:01:11]} 52. Qc8+
{[%clk 00:04:08]} {[%emt 00:00:18]} 1-0

[Event "Campionat de Catalunya 2021 Sub 10-14"]
[Site "Salou"]
[Date "2021.03.29"]
[Round "5.7"]
[White "Herman Gamazo, Isaac"]
[Black "Alonso Gimenez, Mauro"]
[Result "1-0"]
[WhiteFideId "54586470"]
[BlackFideId "54539412"]
[WhiteElo "1542"]
[BlackElo "1367"]

1. e4 {[%clk 01:30:12]} {[%emt 00:00:29]} e5 {[%clk 01:29:57]} {[%emt
00:01:04]} 2. f4 {[%clk 01:27:32]} {[%emt 00:03:11]} Bc5 {[%clk 01:26:56]}
{[%emt 00:03:30]} 3. Nf3 {[%clk 01:27:16]} {[%emt 00:00:45]} Nc6 {[%clk
01:26:49]} {[%emt 00:00:39]} 4. Bc4 {[%clk 01:25:53]} {[%emt 00:01:53]} d6
{[%clk 01:25:48]} {[%emt 00:01:32]} 5. f5 {[%clk 01:23:34]} {[%emt 00:02:49]}
Nf6 {[%clk 01:25:32]} {[%emt 00:00:45]} 6. d3 {[%clk 01:23:29]} {[%emt
00:00:35]} Na5 {[%clk 01:22:58]} {[%emt 00:03:05]} 7. Bb3 {[%clk 01:23:08]}
{[%emt 00:00:50]} Ng4 {[%clk 01:21:00]} {[%emt 00:02:28]} 8. Rf1 {[%clk
01:23:27]} {[%emt 00:00:11]} Nxb3 {[%clk 01:20:17]} {[%emt 00:01:14]} 9. axb3
{[%clk 01:23:47]} {[%emt 00:00:10]} d5 {[%clk 01:19:19]} {[%emt 00:01:28]} 10.
Qe2 {[%clk 01:16:26]} {[%emt 00:07:51]} O-O {[%clk 01:12:41]} {[%emt 00:07:07]}
11. h3 {[%clk 01:15:08]} {[%emt 00:01:48]} Nf6 {[%clk 01:09:58]} {[%emt
00:03:12]} 12. g4 {[%clk 01:14:34]} {[%emt 00:01:04]} dxe4 {[%clk 01:09:53]}
{[%emt 00:00:35]} 13. dxe4 {[%clk 01:14:53]} {[%emt 00:00:11]} Qd6 {[%clk
01:09:29]} {[%emt 00:00:55]} 14. Bg5 {[%clk 01:09:59]} {[%emt 00:05:23]} Rd8
{[%clk 01:07:47]} {[%emt 00:02:12]} 15. Nbd2 {[%clk 01:09:58]} {[%emt
00:00:31]} a5 {[%clk 01:07:25]} {[%emt 00:00:53]} 16. Nc4 {[%clk 01:02:10]}
{[%emt 00:08:18]} Qe7 {[%clk 01:06:18]} {[%emt 00:01:35]} 17. Ncxe5 {[%clk
00:43:04]} {[%emt 00:19:35]} Bd4 {[%clk 01:05:36]} {[%emt 00:01:14]} 18. Nd3
{[%clk 00:38:42]} {[%emt 00:04:52]} Qd6 {[%clk 01:02:32]} {[%emt 00:03:34]} 19.
e5 {[%clk 00:31:29]} {[%emt 00:07:43]} Qc6 {[%clk 01:02:48]} {[%emt 00:00:14]}
20. Nxd4 {[%clk 00:18:44]} {[%emt 00:13:16]} Rxd4 {[%clk 01:02:21]} {[%emt
00:00:56]} 21. exf6 {[%clk 00:18:53]} {[%emt 00:00:21]} Re4 {[%clk 01:01:18]}
{[%emt 00:01:32]} 22. Be3 {[%clk 00:17:02]} {[%emt 00:02:23]} Bd7 {[%clk
01:01:10]} {[%emt 00:00:37]} 23. Rf3 {[%clk 00:16:51]} {[%emt 00:00:42]} Qxf6
{[%clk 01:00:48]} {[%emt 00:00:51]} 24. Qf2 {[%clk 00:16:01]} {[%emt 00:01:21]}
Bc6 {[%clk 01:00:05]} {[%emt 00:01:13]} 25. Kf1 {[%clk 00:13:59]} {[%emt
00:02:32]} Rae8 {[%clk 00:53:26]} {[%emt 00:07:09]} 26. Re1 {[%clk 00:11:12]}
{[%emt 00:03:17]} Bb5 {[%clk 00:51:14]} {[%emt 00:02:42]} 27. Kg1 {[%clk
00:11:11]} {[%emt 00:00:30]} Bc6 {[%clk 00:50:44]} {[%emt 00:01:01]} 28. Rf4
{[%clk 00:11:00]} {[%emt 00:00:41]} Qe7 {[%clk 00:46:10]} {[%emt 00:05:05]} 29.
Rf3 {[%clk 00:10:18]} {[%emt 00:01:12]} Qd6 {[%clk 00:44:45]} {[%emt 00:01:54]}
30. Bc5 {[%clk 00:09:27]} {[%emt 00:01:21]} Qd5 {[%clk 00:44:35]} {[%emt
00:00:40]} 31. Rxe4 {[%clk 00:07:42]} {[%emt 00:02:15]} Qxe4 {[%clk 00:44:35]}
{[%emt 00:00:30]} 32. Kg2 {[%clk 00:07:56]} {[%emt 00:00:17]} Qe2 {[%clk
00:43:31]} {[%emt 00:01:34]} 33. Kg3 {[%clk 00:08:19]} {[%emt 00:00:06]} Bxf3
{[%clk 00:42:25]} {[%emt 00:01:36]} 34. Qxf3 {[%clk 00:08:46]} {[%emt
00:00:03]} Qxc2 {[%clk 00:42:21]} {[%emt 00:00:34]} 35. Qd5 {[%clk 00:09:08]}
{[%emt 00:00:09]} Qd1 {[%clk 00:41:06]} {[%emt 00:01:43]} 36. Kh4 {[%clk
00:08:56]} {[%emt 00:00:43]} h6 {[%clk 00:40:23]} {[%emt 00:01:14]} 37. Kh5
{[%clk 00:06:38]} {[%emt 00:02:47]} b6 {[%clk 00:38:50]} {[%emt 00:01:59]} 38.
Bf2 {[%clk 00:07:00]} {[%emt 00:00:12]} Re2 {[%clk 00:37:43]} {[%emt 00:01:33]}
39. Qf3 {[%clk 00:06:19]} {[%emt 00:01:16]} Qd2 {[%clk 00:35:03]} {[%emt
00:03:01]} 40. Bh4 {[%clk 00:06:06]} {[%emt 00:00:52]} Re6 {[%clk 00:32:53]}
{[%emt 00:02:40]} 41. Nf4 {[%clk 00:05:28]} {[%emt 00:01:07]} Kh7 {[%clk
00:31:40]} {[%emt 00:01:42]} 42. g5 {[%clk 00:04:26]} {[%emt 00:01:32]} Re3
{[%clk 00:30:49]} {[%emt 00:01:22]} 43. g6+ {[%clk 00:04:44]} {[%emt 00:00:12]}
fxg6+ {[%clk 00:30:50]} {[%emt 00:00:29]} 44. fxg6+ {[%clk 00:05:07]} {[%emt
00:00:07]} Kg8 {[%clk 00:31:04]} {[%emt 00:00:15]} 45. Qa8+ {[%clk 00:05:31]}
{[%emt 00:00:06]} 1-0